=LDR 00000nam 2200000 4500 =001 INLIS000000000028814 =005 20130612131107 =008 ***********************************Ind** =035 ##$$0010-061300000028814 =041 ##$$a Ind =082 ##$$a 530.07 =090 ##$$a 530.07, Kan f =100 ##$$a Kanginan, Marthen =245 ##$$a Fisika 3b untuk SMA kelas xii, Marthen Kanginan =260 ##$$a 2007 $b Jakarta =300 ##$$a ...jil, ilus, 25 cm =650 ##$$a Fisika, Studi dan pengajaran =850 ##$$a NBPNMAT =990 ##$$a 0188/BPAP-NTB/2015